[Event "Hallstahammar op"]
[Site "Hallstahammar"]
[Date "2003.09.14"]
[Round "6"]
[White "Sandorf, Mikael"]
[Black "Clark, Robert"]
[Result "1-0"]
[WhiteElo "1398"]
[BlackElo "1268"]
[PlyCount "109"]
[EventDate "2003.09.12"]
[EventType "swiss"]
[EventRounds "7"]
[EventCountry "SWE"]
[SourceTitle "CBM 096 Extra"]
[Source "ChessBase"]
[SourceDate "2003.10.22"]
[SourceVersion "2"]
[SourceVersionDate "2003.10.20"]
[SourceQuality "1"]

1. c4 e5 2. g3 Nf6 3. Bg2 d6 4. Nc3 c6 5. Qb3 Nbd7 6. Nf3 Nc5 7. Qc2 Be6 8. d3 Qd7 9. 0-0 Bh3 10. b4 Bxg2 11. Kxg2 Ne6 12. Bd2 Nd4 13. Nxd4 exd4 14. Nd1 Be7 15. e3 dxe3 16. Nxe3 0-0-0 17. a4 d5 18. c5 h5 19. h3 d4 20. Nc4 h4 21. g4 Nxg4 22. hxg4 Qxg4+ 23. Kh2 h3 24. Rg1 Qe2 25. Rgf1 Bh4 26. Nd6+ Kb8 27. Nxf7 Qf3 28. Rg1 Qxf7 29. Bg5 Bxg5 30. Rxg5 Qf4+ 31. Rg3 g5 32. Rf1 g4 33. Qc1 Qe5 34. Qe1 Qc7 35. Qe2 Qf4 36. Qxg4 Qxg4 37. Rxg4 Rd5 38. f4 b6 39. Rg5 bxc5 40. bxc5 Rh5 41. Rxd5 cxd5 42. f5 Kc7 43. f6 Rh8 44. f7 Rf8 45. Kxh3 Kc6 46. Kg4 Kxc5 47. Kg5 Kd6 48. Kg6 Kc5 49. Kg7 Rb8 50. f8Q+ Rxf8 51. Rxf8 Kb4 52. Rd8 Kc3 53. Rxd5 Kxd3 54. Ra5 Kc3 55. Rxa7 1-0

[Event "Hallstahammar op"]
[Site "Hallstahammar"]
[Date "2003.09.13"]
[Round "5"]
[White "Nordstrom, Knutte"]
[Black "Sandorf, Mikael"]
[Result "1-0"]
[WhiteElo "1641"]
[BlackElo "1398"]
[PlyCount "71"]
[EventDate "2003.09.12"]
[EventType "swiss"]
[EventRounds "7"]
[EventCountry "SWE"]
[SourceTitle "CBM 096 Extra"]
[Source "ChessBase"]
[SourceDate "2003.10.22"]
[SourceVersion "2"]
[SourceVersionDate "2003.10.20"]
[SourceQuality "1"]

1. Nf3 Nf6 2. d4 e6 3. g3 d5 4. Bg2 g6 5. Nbd2 Bg7 6. 0-0 0-0 7. c3 Qe7 8. Re1 Bd7 9. Ne5 c5 10. a4 Nc6 11. Nxd7 Nxd7 12. e3 Rac8 13. Qb3 Rb8 14. e4 dxe4 15. Nxe4 cxd4 16. Bg5 Nf6 17. c4 h6 18. Nxf6+ Bxf6 19. Bxh6 Bg7 20. Bxg7 Kxg7 21. Qd1 Rbd8 22. Ra3 Na5 23. Bf1 Qb4 24. Qe2 Nb3 25. Rd1 Rd7 26. Qe5+ Kg8 27. Qb5 Qxb5 28. axb5 Nc5 29. Bg2 e5 30. b4 Ne6 31. Rxa7 Rc8 32. c5 Rcc7 33. b6 Rc8 34. c6 Rd6 35. cxb7 Rb8 36. Ra8 1-0

[Event "Hallstahammar op"]
[Site "Hallstahammar"]
[Date "2003.09.13"]
[Round "4"]
[White "Sandorf, Mikael"]
[Black "Heinoja, Ari"]
[Result "1/2-1/2"]
[WhiteElo "1398"]
[BlackElo "1626"]
[PlyCount "104"]
[EventDate "2003.09.12"]
[EventType "swiss"]
[EventRounds "7"]
[EventCountry "SWE"]
[SourceTitle "CBM 096 Extra"]
[Source "ChessBase"]
[SourceDate "2003.10.22"]
[SourceVersion "2"]
[SourceVersionDate "2003.10.20"]
[SourceQuality "1"]

1. c4 c5 2. g3 Nc6 3. Bg2 e5 4. e3 Nf6 5. Ne2 d5 6. cxd5 Nxd5 7. Nbc3 Nf6 8. Qc2 Nb4 9. Qa4+ Bd7 10. Qd1 Nd3+ 11. Kf1 Bc6 12. Bxc6+ bxc6 13. Kg2 Bd6 14. Qc2 Be7 15. b3 0-0 16. Ba3 Qd7 17. Nc1 Rad8 18. Rd1 Qf5 19. Nxd3 Rxd3 20. h3 e4 21. Na4 Rd5 22. Rac1 Rfd8 23. Nc3 Qf3+ 24. Kg1 Rh5 25. h4 Rf5 26. Rf1 Rd3 27. Qd1 Qxd1 28. Rcxd1 Kf8 29. Kg2 h5 30. Bb2 Rd8 31. Ba1 g5 32. hxg5 Rxg5 33. Rh1 Rd3 34. Ne2 Rdd5 35. Nf4 Rdf5 36. Bxf6 Bxf6 37. Rh4 Be5 38. Ne2 Rg4 39. Rdh1 Rgg5 40. Rxe4 Bd6 41. Rc4 Rd5 42. Rd1 Rd3 43. Nc1 Rdd5 44. f4 Rg6 45. Kf3 Be7 46. Ne2 h4 47. gxh4 Bxh4 48. d4 Be7 49. Ng3 Bh4 50. Rg1 cxd4 51. Rxd4 Rc5 52. Rc4 Rd5 1/2-1/2